000 00436cam a2200169ua 4500
001 5947
008 131029n ii |||gr||||Z||||||eng
040 _cMAIN
082 _a973
100 _aSchlesinger,Arthur M,
_eAuthor.
245 _aBirth Of The Nation
_cby Arthur.M. Schlesinger
260 _aCalcutta:
_bScientific Book Agency,
_c1970.
300 _a258p.
653 _aUnited States
653 _aBirth Of The Nation
942 _cBK
999 _c5101
_d5101